[Event "Quebec op"]
[Site "Longueuil"]
[Date "2019.07.20"]
[Round "1"]
[White "Voskanyan, Vahagn"]
[Black "Beaudry, Marc Andre"]
[Result "1-0"]
[WhiteElo "2205"]
[BlackElo "1848"]
[PlyCount "77"]
[EventDate "2019.07.20"]
[EventType "swiss"]
[EventRounds "9"]
[EventCountry "CAN"]
[SourceTitle "CBM 191 Extra"]
[Source "ChessBase"]
[SourceDate "2019.09.30"]
[SourceVersion "1"]
[SourceVersionDate "2019.09.30"]
[SourceQuality "1"]

1. c4 Nf6 2. g3 c5 3. Bg2 d5 4. cxd5 Nxd5 5. Nc3 Nc7 6. d3 e5 7. Be3 Qd7 8. Ne4 Ne6 9. Rc1 Na6 10. Nf3 f6 11. h4 Be7 12. Bh3 b6 13. Qb3 Nac7 14. Nc3 0-0 15. Bf5 Bb7 16. Be4 Rab8 17. h5 Rf7 18. Nh4 f5 19. Bxb7 Rxb7 20. Nf3 Bf6 21. a4 Nd4 22. Bxd4 exd4 23. Na2 Nd5 24. Rc2 Kh8 25. Qc4 a5 26. Nc1 Rb8 27. Kd1 Ra8 28. Rd2 Re7 29. Kc2 Nb4+ 30. Kb3 Rb8 31. Qb5 Qe6+ 32. Ka3 Rc7 33. b3 Nd5 34. Qc4 Qd6 35. Kb2 b5 36. axb5 Rcb7 37. Kc2 Nc3 38. Nh4 Re8 39. Ng6+ 1-0

[Event "Granby"]
[Site "Granby"]
[Date "2018.11.25"]
[Round "5.7"]
[White "Beaudry, Marc Andre"]
[Black "Leger, Manon"]
[Result "1-0"]
[WhiteElo "1997"]
[BlackElo "1783"]
[PlyCount "87"]
[EventDate "2018.11.23"]
[EventType "swiss"]
[EventRounds "5"]
[EventCountry "CAN"]
[SourceTitle "EXT 2022"]
[Source "ChessBase"]
[SourceDate "2021.10.06"]
[SourceVersion "1"]
[SourceVersionDate "2021.10.06"]
[SourceQuality "1"]

1. c4 e5 2. Nc3 Nf6 3. Nf3 d6 4. g3 Be7 5. Bg2 Nbd7 6. d4 0-0 7. 0-0 c6 8. e4 Qc7 9. h3 exd4 10. Nxd4 Re8 11. b3 Bf8 12. Bb2 Nc5 13. Qc2 Ne6 14. Rad1 Nxd4 15. Rxd4 Be6 16. Kh2 Rad8 17. Rfd1 a6 18. R1d2 Rc8 19. f4 Bd7 20. Qd1 c5 21. R4d3 Bc6 22. Re3 b5 23. Nd5 Nxd5 24. cxd5 Bd7 25. e5 c4 26. bxc4 Qxc4 27. e6 fxe6 28. dxe6 Qc5 29. Bd4 Qc7 30. exd7 Qxd7 31. Red3 Kh8 32. Be5 b4 33. Bxd6 Bxd6 34. Rxd6 Qb5 35. Qf1 Qxf1 36. Bxf1 a5 37. Bb5 Rf8 38. Ba4 g6 39. Rc6 Rcd8 40. Rcc2 Rxd2+ 41. Rxd2 Rf5 42. Kg2 Rc5 43. Bb3 h6 44. Rd5 1-0

[Event "Sherbrooke op C"]
[Site "Sherbrooke"]
[Date "2007.05.26"]
[Round "3"]
[White "Sanders, Danny"]
[Black "Beaudry, Marc Andre"]
[Result "0-1"]
[WhiteElo "1443"]
[BlackElo "1206"]
[PlyCount "56"]
[EventDate "2007.05.25"]
[EventType "swiss"]
[EventRounds "5"]
[EventCountry "CAN"]
[SourceTitle "EXT 2022"]
[Source "ChessBase"]
[SourceDate "2021.10.06"]
[SourceVersion "1"]
[SourceVersionDate "2021.10.06"]
[SourceQuality "1"]

1. e4 c5 2. Nf3 d6 3. d4 cxd4 4. Nxd4 g6 5. Nc3 Bg7 6. Be3 Nf6 7. Be2 0-0 8. 0-0 Nc6 9. Nf3 a6 10. Qc1 b5 11. Bh6 b4 12. Bxg7 Kxg7 13. Nd5 Nxe4 14. Qf4 f5 15. Bd3 e5 16. Qe3 Nf6 17. Nxf6 Qxf6 18. Bc4 e4 19. Bd5 Bd7 20. Bxc6 Bxc6 21. Nd4 Bd5 22. Rad1 Rac8 23. Rd2 f4 24. Qh3 Rce8 25. f3 e3 26. Re2 Qxd4 27. Qd7+ Kg8 28. Qxd6 Rd8 0-1

[Event "Sherbrooke op C"]
[Site "Sherbrooke"]
[Date "2007.05.26"]
[Round "2"]
[White "Viens, Nicolas"]
[Black "Beaudry, Marc Andre"]
[Result "1-0"]
[WhiteElo "1360"]
[BlackElo "1443"]
[PlyCount "45"]
[EventDate "2007.05.25"]
[EventType "swiss"]
[EventRounds "5"]
[EventCountry "CAN"]
[SourceTitle "EXT 2022"]
[Source "ChessBase"]
[SourceDate "2021.10.06"]
[SourceVersion "1"]
[SourceVersionDate "2021.10.06"]
[SourceQuality "1"]

1. c4 Nf6 2. d4 b6 3. Nc3 Bb7 4. Nf3 e6 5. g3 d5 6. cxd5 Nxd5 7. Bg2 Nd7 8. 0-0 Be7 9. Re1 0-0 10. e4 N5f6 11. Qc2 Rc8 12. e5 Nd5 13. h4 c5 14. Nxd5 Bxd5 15. dxc5 Rxc5 16. Qd1 Bxf3 17. Qxf3 Nxe5 18. Qb7 Rc7 19. Qa6 Bb4 20. Rxe5 Qd1+ 21. Qf1 Rd8 22. Bf4 Qd6 23. Re4 1-0

[Event "Quebec op U2300"]
[Site "Montreal"]
[Date "2007.??.??"]
[Round "3"]
[White "Beaudry, Marc Andre"]
[Black "Brodie, Hugh"]
[Result "1-0"]
[WhiteElo "2055"]
[BlackElo "1815"]
[PlyCount "81"]
[EventDate "2007.07.20"]
[EventType "swiss"]
[EventRounds "9"]
[EventCountry "CAN"]
[SourceTitle "EXT 2010"]
[Source "ChessBase"]
[SourceDate "2010.11.25"]
[SourceVersion "1"]
[SourceVersionDate "2010.11.25"]
[SourceQuality "1"]

1. c4 f5 2. Nf3 Nf6 3. g3 b6 4. Bg2 Bb7 5. d4 e6 6. 0-0 Be7 7. b3 0-0 8. Bb2 Qc8 9. Nc3 Ne4 10. d5 Bf6 11. Rc1 Na6 12. Nd4 Nac5 13. g4 Bh4 14. gxf5 Bxf2+ 15. Rxf2 Nxf2 16. Kxf2 e5 17. Nf3 Rxf5 18. e4 Rf6 19. b4 Na6 20. a3 d6 21. h3 Qe8 22. Kg1 Bc8 23. Qd3 Qh5 24. Ne1 Bb7 25. Ne2 Raf8 26. Ng3 Qe8 27. Rc2 Bc8 28. Bc1 Qg6 29. Kh2 Nb8 30. Nf3 Qe8 31. Nh4 Nd7 32. Ngf5 R6f7 33. Qg3 Kh8 34. Bf3 Nf6 35. Rg2 Bxf5 36. Nxf5 Qd7 37. Bg5 Ne8 38. Bg4 Qa4 39. Be7 Rg8 40. Nh4 Rxe7 41. Ng6+ 1-0

[Event "Montreal Pere Noel"]
[Site "Montreal"]
[Date "1991.12.29"]
[Round "4"]
[White "Beaudry, Marc Andre"]
[Black "Bolduc, Steve"]
[Result "1-0"]
[WhiteElo "2081"]
[BlackElo "2232"]
[PlyCount "56"]
[EventDate "1991.12.26"]
[EventType "swiss"]
[EventRounds "5"]
[EventCountry "CAN"]
[SourceTitle "EXT 2022"]
[Source "ChessBase"]
[SourceDate "2021.10.06"]
[SourceVersion "1"]
[SourceVersionDate "2021.10.06"]
[SourceQuality "1"]

1. d4 Nf6 2. c4 e6 3. Nf3 b6 4. a3 c5 5. d5 exd5 6. cxd5 d6 7. Nc3 g6 8. g3 Bg7 9. Bg2 0-0 10. h3 Re8 11. 0-0 a6 12. a4 Qc7 13. Re1 Nbd7 14. e4 Rb8 15. Bf1 Bb7 16. Nd2 Re7 17. Nc4 Rbe8 18. Bg2 Rf8 19. f4 Qb8 20. Be3 Ne8 21. Bf2 Ba8 22. Qb3 Bxc3 23. Qxc3 b5 24. axb5 axb5 25. Na5 b4 26. Qd2 Nc7 27. Nc6 Bxc6 28. dxc6 Nb6 1-0

[Event "Quebec op"]
[Site "Montreal"]
[Date "1991.08.02"]
[Round "7"]
[White "Angers, Gilles"]
[Black "Beaudry, Marc Andre"]
[Result "1/2-1/2"]
[WhiteElo "1939"]
[BlackElo "2072"]
[PlyCount "89"]
[EventDate "1991.07.27"]
[EventType "swiss"]
[EventRounds "8"]
[EventCountry "CAN"]
[SourceTitle "EXT 2022"]
[Source "ChessBase"]
[SourceDate "2021.10.06"]
[SourceVersion "1"]
[SourceVersionDate "2021.10.06"]
[SourceQuality "1"]

1. e4 c6 2. d4 d5 3. exd5 cxd5 4. c4 Nf6 5. Nc3 e6 6. Nf3 Be7 7. c5 0-0 8. Bd3 b6 9. b4 a5 10. Na4 Nbd7 11. a3 axb4 12. axb4 bxc5 13. bxc5 Qc7 14. 0-0 Ba6 15. Nb6 Nxb6 16. Rxa6 Rxa6 17. Bxa6 Nbd7 18. Re1 Ra8 19. Bd3 Ra1 20. Qe2 Bd8 21. Bg5 Rxe1+ 22. Qxe1 Qb8 23. Qb1 Qxb1+ 24. Bxb1 Bc7 25. Bd3 Kf8 26. Kf1 h6 27. Bd2 Ne8 28. Bb5 Nb8 29. Ne5 f6 30. Nd3 Ke7 31. Nf4 Nd7 32. h4 Bb8 33. Ng6+ Kd8 34. Ke2 e5 35. c6 Nb6 36. Ba5 Bc7 37. dxe5 fxe5 38. Nxe5 Nd6 39. Bd3 Nbc4 40. Nxc4 dxc4 41. Bxc7+ Kxc7 42. Bc2 Kxc6 43. f4 Kc5 44. g4 Kd4 45. g5 1/2-1/2

[Event "Quebec op"]
[Site "Montreal"]
[Date "1991.08.01"]
[Round "6"]
[White "Beaudry, Marc Andre"]
[Black "Arsenault, Nicolas"]
[Result "1/2-1/2"]
[WhiteElo "2072"]
[BlackElo "2024"]
[PlyCount "32"]
[EventDate "1991.07.27"]
[EventType "swiss"]
[EventRounds "8"]
[EventCountry "CAN"]
[SourceTitle "EXT 2022"]
[Source "ChessBase"]
[SourceDate "2021.10.06"]
[SourceVersion "1"]
[SourceVersionDate "2021.10.06"]
[SourceQuality "1"]

1. d4 e6 2. c4 d5 3. Nf3 Nf6 4. g3 Be7 5. Bg2 0-0 6. 0-0 c6 7. b3 Nbd7 8. Bb2 b6 9. Nc3 Bb7 10. Qd3 c5 11. cxd5 cxd4 12. Qxd4 Bc5 13. Qh4 Nxd5 14. Rfd1 Qxh4 15. Nxh4 N7f6 16. Na4 Be7 1/2-1/2

[Event "Quebec op"]
[Site "Montreal"]
[Date "1991.07.31"]
[Round "5"]
[White "Pineault, Denis"]
[Black "Beaudry, Marc Andre"]
[Result "1/2-1/2"]
[WhiteElo "2254"]
[BlackElo "2072"]
[PlyCount "52"]
[EventDate "1991.07.27"]
[EventType "swiss"]
[EventRounds "8"]
[EventCountry "CAN"]
[SourceTitle "EXT 2022"]
[Source "ChessBase"]
[SourceDate "2021.10.06"]
[SourceVersion "1"]
[SourceVersionDate "2021.10.06"]
[SourceQuality "1"]

1. e4 e5 2. Nf3 Nc6 3. Bb5 a6 4. Ba4 Nf6 5. 0-0 Be7 6. d4 exd4 7. Re1 b5 8. e5 Nxe5 9. Rxe5 d6 10. Re1 bxa4 11. Nxd4 Bd7 12. Qf3 0-0 13. Nc3 Re8 14. Bg5 h6 15. Bh4 Bg4 16. Qf4 Qd7 17. h3 Be6 18. Nxe6 fxe6 19. Qxa4 Qxa4 20. Nxa4 Nd7 21. Bxe7 Rxe7 22. Nc3 Nf6 23. Rad1 Rb8 24. b3 Rb4 25. Nd5 Nxd5 26. Rxd5 Rb5 1/2-1/2